[Event "Fyn-ch"]
[Site "Odense"]
[Date "2008.03.13"]
[Round "7"]
[White "Jorgensen, Peter Frank"]
[Black "Frimodt, Michael"]
[Result "1/2-1/2"]
[WhiteElo "1493"]
[BlackElo "1416"]
[PlyCount "47"]
[EventDate "2008.01.10"]
[EventType "swiss"]
[EventRounds "7"]
[EventCountry "DEN"]
[SourceTitle "EXT 2018"]
[Source "ChessBase"]
[SourceDate "2017.10.13"]
[SourceVersion "1"]
[SourceVersionDate "2017.10.13"]
[SourceQuality "1"]

1. e4 e5 2. Nf3 Nc6 3. Bc4 Bc5 4. c3 Nf6 5. d4 exd4 6. cxd4 Bb4+ 7. Nc3 Nxe4 8. Qb3 0-0 9. 0-0 Bxc3 10. bxc3 Na5 11. Bxf7+ Rxf7 12. Qd5 Nxc3 13. Qxa5 Ne2+ 14. Kh1 Nxc1 15. Raxc1 d6 16. Ng5 Rf5 17. d5 Rxg5 18. Rxc7 b6 19. Qc3 Bd7 20. Rc1 Re5 21. f4 Rf5 22. Qa3 Rxd5 23. Qb3 Be6 24. f5 1/2-1/2

[Event "Fyn-ch"]
[Site "Odense"]
[Date "2008.02.21"]
[Round "5"]
[White "Jorgensen, Peter Frank"]
[Black "Nielsen, Villy"]
[Result "1-0"]
[WhiteElo "1493"]
[BlackElo "1128"]
[PlyCount "59"]
[EventDate "2008.01.10"]
[EventType "swiss"]
[EventRounds "7"]
[EventCountry "DEN"]
[SourceTitle "EXT 2018"]
[Source "ChessBase"]
[SourceDate "2017.10.13"]
[SourceVersion "1"]
[SourceVersionDate "2017.10.13"]
[SourceQuality "1"]

1. e4 e5 2. Nf3 Nc6 3. Bc4 h6 4. Nc3 Nf6 5. Nd5 Nxe4 6. Qe2 f5 7. d3 Nf6 8. Nxe5 Nxd5 9. Nxc6+ Be7 10. Nxd8 Kxd8 11. Bxd5 Re8 12. 0-0 Bf6 13. Qh5 c6 14. Bf7 Re7 15. c3 d6 16. Bf4 Be5 17. Bxe5 Rxe5 18. Qh4+ Kc7 19. Rfe1 Rxe1+ 20. Rxe1 Bd7 21. d4 b6 22. f4 c5 23. d5 b5 24. Qe7 Rd8 25. Re6 Kc8 26. Qxd6 Bxe6 27. Bxe6+ Kb7 28. Qxd8 b4 29. Bc8+ Kb8 30. Ba6# 1-0